Normal view
MARC view
- PERSONAL COMMUNICATION SERVICE SYSTEM DIGITAL COMMUNICATION DIGITAL TELEPHONE SYSTEM
Entry Topical Term
001 - CONTROL NUMBER
- control field: 75656
003 - CONTROL NUMBER IDENTIFIER
- control field: NUST
005 - DATE AND TIME OF LATEST TRANSACTION
- control field: 20210628205446.0
008 - FIXED-LENGTH DATA ELEMENTS
- fixed length control field: 210628|| aca||aabn | a|a d
040 ## - CATALOGING SOURCE
- Original cataloging agency: NUST
- Transcribing agency: NUST
150 ## - HEADING--TOPICAL TERM
- Topical term or geographic name entry element: PERSONAL COMMUNICATION SERVICE SYSTEM DIGITAL COMMUNICATION DIGITAL TELEPHONE SYSTEM
670 ## - SOURCE DATA FOUND
- Source citation: Work cat.: (NUST): Phillips, John Namee, G.M 75655, Personal wireless communication with dect and pwt, 1998
